书目信息 |
| 题名: |
李尔王
|
|
| 作者: | 莎士比亚 著 ;朱生豪, 译 | |
| 分册: | ||
| 出版信息: | 北京 作家出版社 2020.08 |
|
| 页数: | 199页, [8] 页图版 | |
| 开本: | 20cm | |
| 丛书名: | 作家经典文库 | |
| 单 册: | ||
| 中图分类: | I561.33 | |
| 科图分类: | ||
| 主题词: | 悲剧--bei ju--剧本--英国--中世纪 | |
| 电子资源: | ||
| ISBN: | 978-7-5212-0990-7 | |
| 000 | 01099nam 2200265 450 | |
| 001 | 202021194783 | |
| 005 | 20211025120147.0 | |
| 010 | @a978-7-5212-0990-7@b精装@dCNY32.00 | |
| 100 | @a20211005d2020 em y0chiy50 ea | |
| 101 | 1 | @achi@ceng |
| 102 | @aCN@b110000 | |
| 105 | @aaf z 000by | |
| 106 | @ar | |
| 200 | 1 | @a李尔王@Ali er wang@f(英) 威廉·莎士比亚著@g朱生豪译 |
| 210 | @a北京@c作家出版社@d2020.08 | |
| 215 | @a199页, [8] 页图版@c图@d20cm | |
| 225 | 2 | @a作家经典文库@Azuo jia jing dian wen ku |
| 330 | @a本书讲述了: 年老昏聩的李尔王想把把国土分给3个女儿, 口蜜腹剑的大女儿和二女儿瓜分了国土, 小女儿却因不愿奉承他而一无所得。法兰西国王慧眼识人, 娶小女儿为皇后。李尔王离位后, 大女儿和二女儿把他赶出家门, 可怜的李尔王沦落为叫花子。小女儿得知后率军攻打两个姐姐, 却不幸失败。 | |
| 410 | 0 | @12001 @a作家经典文库 |
| 606 | 0 | @a悲剧@Abei ju@x剧本@y英国@z中世纪 |
| 690 | @aI561.33@v5 | |
| 701 | 1 | @a莎士比亚@Asha shi bi ya@g(Shakespeare, William),@f1564-1616@4著 |
| 702 | 0 | @a朱生豪,@Azhu sheng hao@f1912-1944@4译 |
| 801 | 0 | @aCN@c20210909 |
| 905 | @a河南城建学院图书馆@dI561.33@eS071 | |
| 李尔王/(英) 威廉·莎士比亚著/朱生豪译.-北京:作家出版社,2020.08 |
| 199页, [8] 页图版:图;20cm.-(作家经典文库) |
| ISBN 978-7-5212-0990-7(精装):CNY32.00 |
| 本书讲述了: 年老昏聩的李尔王想把把国土分给3个女儿, 口蜜腹剑的大女儿和二女儿瓜分了国土, 小女儿却因不愿奉承他而一无所得。法兰西国王慧眼识人, 娶小女儿为皇后。李尔王离位后, 大女儿和二女儿把他赶出家门, 可怜的李尔王沦落为叫花子。小女儿得知后率军攻打两个姐姐, 却不幸失败。 |
| ● |
| 相关链接 |
|
|
|
正题名:李尔王
索取号:I561.33/S071
 
预约/预借
| 序号 | 登录号 | 条形码 | 馆藏地/架位号 | 状态 | 备注 |
| 1 | 1544093 | 215440930 | 文学库116/116文学库 19排5列2层/ [索取号:I561.33/S071] | 在馆 | |
| 2 | 1544094 | 215440949 | 社科二线422/116文学库 19排5列2层/ [索取号:I561.33/S071] | 在馆 | |
| 3 | 1544095 | 215440958 | 文学库116/116文学库 19排5列2层/ [索取号:I561.33/S071] | 在馆 |